Catálogo

PROCESOS BASICOS DE MANUFACTURA (Registro nro. 22757)

Detalles MARC
000 -LEADER
fixed length control field 00957nam a2200229 a 4500
001 - CONTROL NUMBER
control field 22757
005 - DATE AND TIME OF LATEST TRANSACTION
control field 20180713220714.0
008 - FIXED-LENGTH DATA ELEMENTS--GENERAL INFORMATION
fixed length control field 140415s1983 mx 000 0 spa d
020 ## - INTERNATIONAL STANDARD BOOK NUMBER
International Standard Book Number 9684513666
041 ## - LANGUAGE CODE
Language code of text/sound track or separate title spa
082 ## - DEWEY DECIMAL CLASSIFICATION NUMBER
Classification number 670
Item number KAZ
100 1# - MAIN ENTRY--PERSONAL NAME
Personal name KAZANAS, H. C.
245 10 - TITLE STATEMENT
Title PROCESOS BASICOS DE MANUFACTURA
250 ## - EDITION STATEMENT
Edition statement 1a ed.
260 ## - PUBLICATION, DISTRIBUTION, ETC.
Place of publication, distribution, etc. MEXICO :
Name of publisher, distributor, etc. MC GRAW HILL INTERAMERICANA DE MEXICO,
Date of publication, distribution, etc. 1983
300 ## - PHYSICAL DESCRIPTION
Extent 396
Dimensions x 20.9 x 27
520 ## - SUMMARY, ETC.
Summary, etc. EL PROPÓSITO DE ESTE TEXTO ES INTRODUCIR AL ESTUDIO DE LOS PROCESOS BÁSICOS DE MANUFACTURA POR MEDIO DE UNA ESTRUCTURA AMPLIA Y CONCEPTUAL, EN VEZ DE UNA METODOLOGÍA ESTRECHA Y COMPLEJA. ESTE INTENTO REFLEJA LOS CAMBIOS EN LA INDUSTRIA MODERNA EN TÉRMINOS DE PROCESOS ESPECÍFICOS Y MATERIALES, QUE CADA DÍA SE INCREMENTAN.
650 14 - SUBJECT ADDED ENTRY--TOPICAL TERM
Topical term or geographic name entry element MANUFACTURAS
700 1# - ADDED ENTRY--PERSONAL NAME
Personal name NORIEGA, FRANCISCO G.
Relator term tr.
740 ## - ADDED ENTRY--UNCONTROLLED RELATED/ANALYTICAL TITLE
Uncontrolled related/analytical title BASIC MANUFACTURING PROCESSES
700 1# - ADDED ENTRY--PERSONAL NAME
Personal name BAKER, E. GLENN
Relator term coaut.
Existencias
Withdrawn status Lost status Source of classification or shelving scheme Damaged status Not for loan Collection code Home library Current library Shelving location Date acquired Source of acquisition Inventory number Total Checkouts Full call number Barcode Date last seen Date last checked out Price effective from Koha item type
    Dewey Decimal Classification     General Biblioteca Karol Wojtyla Biblioteca Karol Wojtyla Sala general 03/12/2013 Compra 151000000000000000031101   670 KAZ 4474 05/01/2026 06/08/2014 03/12/2013 Libro
    Dewey Decimal Classification     General Biblioteca Karol Wojtyla Biblioteca Karol Wojtyla Sala general 03/12/2013 Compra 151000000000000000031103   670 KAZ 43423 05/01/2026   03/12/2013 Libro
    Dewey Decimal Classification     General Biblioteca Karol Wojtyla Biblioteca Karol Wojtyla Sala general 03/12/2013 Compra 151000000000000000031104   670 KAZ 43424 05/01/2026   03/12/2013 Libro
    Dewey Decimal Classification     General Biblioteca Karol Wojtyla Biblioteca Karol Wojtyla Sala general 03/12/2013 Compra 151000000000000000031102   670 KAZ 4475 05/01/2026   03/12/2013 Libro
    Dewey Decimal Classification     General Biblioteca Karol Wojtyla Biblioteca Karol Wojtyla Sala general 03/12/2013 Compra 151000000000000000031100   670 KAZ 67614 05/01/2026 15/09/2015 03/12/2013 Libro